Népköltészeti kutatásaink bölcsőjénél a kezdetek a pozsonyi Magyar Hírmondó 1782. évi januári számáig nyúlnak vissza

Bibliographic Details
Main Author: Liszka, József, 1956- (Author)
Format: Article
Language:Hungarian
Subjects:

MARC

LEADER 00000nab a2200000 a 4500
001 vtls000692693
003 SK-MaSNL
005 20260319075537.0
008 160405c1999 xo 0 hun
015 |a SNBRB1999/04-10561 
035 |a CLN000044860 
040 |a SNKBUCL  |b slo  |c SNKBUCL  |e AACR2 
041 0 |a hun 
044 |a xo  |c SK 
080 |a 05(439.2)"1782"  |2 1997 
080 |a 398(=945.11)  |2 1997 
100 1 |a Liszka, József,  |d 1956-  |4 aut  |9 58583 
245 1 0 |a Népköltészeti kutatásaink bölcsőjénél  |b a kezdetek a pozsonyi Magyar Hírmondó 1782. évi januári számáig nyúlnak vissza  |c Liszka József 
300 |b Obr. 
630 0 7 |a Magyar Hírmondó (noviny)  |y január 1782  |x slovesnosť ľudová maďarská  |x výskumy  |x výzvy  |2 snkbucl  |9 889204 
650 0 7 |a slovesnosť ľudová maďarská  |x výskumy  |x výzvy  |x 1782  |2 snkbucl  |9 889205 
655 7 |a články z novín a časopisov  |2 snkbucl  |9 267496 
773 0 |t Új szó  |g Roč. 52, č. 90 (20.4.1999), s. 10 
850 |a Slovenská národná knižnica v Martine 
852 |a SNK  |b KIS3GCP 
958 |a HU 
958 |a SK 
999 |c 1410140  |d 1412070